| 000 | 00722cab a2200205 4500 | ||
|---|---|---|---|
| 001 | WB2905-11 | ||
| 008 | 090401t1993 xxu||||| |||| 00| 0 eng d | ||
| 035 | _a(Sirsi) u42918 | ||
| 041 | _aeng | ||
| 245 | _aLegionnaires` disease | ||
| 260 | _c1993 | ||
| 350 | _a0 | ||
| 490 |
_aHSE News Release _v(E17:93) 28 January 1993 (2) |
||
| 520 | _aUpdated information on legionaires` disease - its nature, those who are most at risk from it and how to minimise the risk - is contained in a revised free leaflet published by the Health and Safety Executive. | ||
| 650 |
_aHEALTH AND SAFETY _96244 |
||
| 650 | _aLEGIONNAIRES' DISEASE | ||
| 690 | _aBUILT ENVIRONMENT-BUILDING STANDARDS | ||
| 942 | _n0 | ||
| 948 | _c04/03/1997 | ||
| 999 |
_c27449 _d27449 |
||